[Event "CZE-chT2A 1920"]
[Site "Czech Republic"]
[Date "2020.06.28"]
[Round "11.7"]
[White "Doring, Robert"]
[Black "Vasek, Jan"]
[Result "1/2-1/2"]
[WhiteElo "2150"]
[BlackElo "2141"]
[PlyCount "25"]
[EventDate "2019.10.13"]
[EventType "team-tourn"]
[EventRounds "11"]
[EventCountry "CZE"]
[SourceTitle "EXT 2024"]
[Source "ChessBase"]
[SourceDate "2023.10.10"]
[SourceVersion "1"]
[SourceVersionDate "2023.10.10"]
[SourceQuality "1"]
[WhiteTeam "Praha Bohemians"]
[BlackTeam "Pankrac II"]
[WhiteTeamCountry "CZE"]
[BlackTeamCountry "CZE"]

1. e4 e5 2. Nf3 Nc6 3. d4 exd4 4. Nxd4 Nf6 5. Nc3 Bb4 6. Nxc6 bxc6 7. Bd3 d5 8. exd5 cxd5 9. 0-0 0-0 10. Bg5 c6 11. Qf3 h6 12. Bxf6 Qxf6 13. Qxf6 1/2-1/2

[Event "CZE-chT2A 1718"]
[Site "Czech Republic"]
[Date "2018.01.14"]
[Round "6.4"]
[White "Netusil, Miloslav"]
[Black "Doring, Robert"]
[Result "0-1"]
[WhiteElo "2249"]
[BlackElo "2153"]
[PlyCount "130"]
[EventDate "2017.10.15"]
[EventType "team-tourn"]
[EventRounds "11"]
[EventCountry "CZE"]
[SourceTitle "EXT 2022"]
[Source "ChessBase"]
[SourceDate "2021.10.06"]
[SourceVersion "1"]
[SourceVersionDate "2021.10.06"]
[SourceQuality "1"]
[WhiteTeam "Vysehrad II"]
[BlackTeam "Praha Bohemians II"]
[WhiteTeamCountry "CZE"]
[BlackTeamCountry "CZE"]

1. d4 Nf6 2. Nc3 d5 3. Bf4 a6 4. e3 e6 5. Nf3 Nbd7 6. a3 c5 7. Be2 Be7 8. h3 0-0 9. 0-0 b6 10. Ne5 Bb7 11. Bf3 Rc8 12. Ne2 Ne4 13. Nxd7 Qxd7 14. Bxe4 dxe4 15. dxc5 Qxd1 16. Raxd1 Bf6 17. b4 e5 18. Bg3 bxc5 19. Rd2 cxb4 20. axb4 Rc4 21. c3 Bc6 22. f4 exf3 23. gxf3 e4 24. fxe4 Rxe4 25. Bf2 Bb5 26. Rc1 Rc8 27. Nd4 Bc4 28. Nf5 Re6 29. Rcd1 g6 30. Nd6 Rc6 31. Nxc4 Rxc4 32. Rd6 Rxd6 33. Rxd6 Bxc3 34. Rxa6 Rxb4 35. Kg2 Kg7 36. Kf3 Bf6 37. Be1 Rb3 38. Bg3 h6 39. Bd6 Rb5 40. Bf8+ Kxf8 41. Rxf6 Kg7 42. Ra6 Rf5+ 43. Kg3 Rf6 44. Ra3 Rb6 45. Ra4 Re6 46. Kf3 f5 47. h4 Kf6 48. Rb4 Ra6 49. Rc4 g5 50. hxg5+ hxg5 51. Rb4 Ra5 52. Rb8 g4+ 53. Kf2 Ra2+ 54. Kg3 Re2 55. Re8 Re1 56. Kf2 Rh1 57. Kg2 Rh3 58. Kf2 Rf3+ 59. Ke2 Kg5 60. Ra8 Kh4 61. Ra1 Kg3 62. Ra4 Kg2 63. Rb4 g3 64. Ra4 Rf2+ 65. Ke1 Kf3 0-1

[Event "CZE-chT1W 1617"]
[Site "Czech Republic"]
[Date "2016.10.16"]
[Round "1.4"]
[White "Richterova, Natasa"]
[Black "Doring, Robert"]
[Result "1/2-1/2"]
[WhiteElo "2186"]
[BlackElo "2139"]
[PlyCount "43"]
[EventDate "2016.10.16"]
[EventType "team-tourn"]
[EventRounds "11"]
[EventCountry "CZE"]
[SourceTitle "CBM 175 Extra"]
[Source "ChessBase"]
[SourceDate "2016.12.12"]
[SourceVersion "1"]
[SourceVersionDate "2016.12.12"]
[SourceQuality "1"]
[WhiteTeam "Praha Smichov"]
[BlackTeam "Hradec Kralove Slavia"]
[WhiteTeamCountry "CZE"]
[BlackTeamCountry "CZE"]

1. e4 e5 2. Nf3 Nc6 3. Bc4 Nf6 4. d3 Be7 5. Nc3 d6 6. h3 0-0 7. a4 Nb4 8. Ne2 c6 9. c3 d5 10. exd5 cxd5 11. Bb3 e4 12. dxe4 dxe4 13. Qxd8 Rxd8 14. Nfd4 Nd3+ 15. Kf1 a6 16. Bc2 Nxc1 17. Rxc1 Bc5 18. g3 b5 19. b4 Bxd4 20. Nxd4 Bd7 21. g4 h6 22. axb5 1/2-1/2

[Event "CZE-chT2D 1516"]
[Site "Czech Republic"]
[Date "2016.03.13"]
[Round "9.5"]
[White "Hajek, Jiri"]
[Black "Doring, Robert"]
[Result "0-1"]
[WhiteElo "2069"]
[BlackElo "2152"]
[PlyCount "72"]
[EventDate "2015.10.18"]
[EventType "team-tourn"]
[EventRounds "11"]
[EventCountry "CZE"]
[SourceTitle "EXT 2022"]
[Source "ChessBase"]
[SourceDate "2021.10.06"]
[SourceVersion "1"]
[SourceVersionDate "2021.10.06"]
[SourceQuality "1"]
[WhiteTeam "Lipa ZVU Engineering"]
[BlackTeam "Hradec Kralove II"]
[WhiteTeamCountry "CZE"]
[BlackTeamCountry "CZE"]

1. d4 Nf6 2. c4 g6 3. Nc3 Bg7 4. e4 d6 5. f4 0-0 6. Nf3 Nbd7 7. Be2 e5 8. fxe5 dxe5 9. d5 h6 10. 0-0 Qe7 11. Ne1 a5 12. Be3 b6 13. Nd3 Ba6 14. b3 Kh7 15. Qd2 Ng8 16. Bg4 Ndf6 17. Bh3 h5 18. Qe2 Bh6 19. Bxh6 Nxh6 20. Rf3 a4 21. Raf1 Ne8 22. d6 Qxd6 23. Nd5 axb3 24. axb3 Bb7 25. g4 Bxd5 26. cxd5 hxg4 27. Bxg4 Kg7 28. Be6 Qe7 29. Qe3 Nd6 30. Bh3 Rfe8 31. Nb4 Qh4 32. Bg2 Ng4 33. Rh3 Nxe3 34. Rxh4 Nxf1 35. Kxf1 f5 36. Ke2 Rh8 0-1

[Event "CZE-chT1W 1516"]
[Site "Czech Republic"]
[Date "2015.10.11"]
[Round "1.8"]
[White "Doring, Robert"]
[Black "Illetsko, Jaroslav"]
[Result "1/2-1/2"]
[WhiteElo "2163"]
[BlackElo "2171"]
[PlyCount "22"]
[EventDate "2015.10.11"]
[EventType "team-tourn"]
[EventRounds "11"]
[EventCountry "CZE"]
[SourceTitle "CBM 169 Extra"]
[Source "ChessBase"]
[SourceDate "2015.12.18"]
[SourceVersion "1"]
[SourceVersionDate "2015.12.18"]
[SourceQuality "1"]
[WhiteTeam "Hradec Kralove"]
[BlackTeam "Praha Grop"]
[WhiteTeamCountry "CZE"]
[BlackTeamCountry "CZE"]

1. e4 g6 2. d4 Bg7 3. Nf3 d6 4. Nc3 Nf6 5. Be2 0-0 6. 0-0 c6 7. a4 a5 8. h3 Na6 9. Be3 Nb4 10. Nd2 Ne8 11. f4 d5 1/2-1/2

[Event "CZE-chT1W 1415"]
[Site "Czech Republic"]
[Date "2015.03.01"]
[Round "9.6"]
[White "Novacek, Jan"]
[Black "Doring, Robert"]
[Result "1-0"]
[WhiteElo "2137"]
[BlackElo "2169"]
[PlyCount "70"]
[EventDate "2014.10.19"]
[EventType "team-tourn"]
[EventRounds "11"]
[EventCountry "CZE"]
[SourceTitle "EXT 2016"]
[Source "ChessBase"]
[SourceDate "2015.10.08"]
[SourceVersion "1"]
[SourceVersionDate "2015.10.08"]
[SourceQuality "1"]
[WhiteTeam "Unichess II"]
[BlackTeam "Hradec Kralove"]
[WhiteTeamCountry "CZE"]
[BlackTeamCountry "CZE"]

1. d4 Nf6 2. Bg5 d5 3. Bxf6 gxf6 4. e3 c6 5. c3 e5 6. Nd2 Be6 7. Qc2 Be7 8. Ne2 Qd7 9. Ng3 c5 10. dxc5 Bxc5 11. Nh5 Be7 12. Ng7+ Kf8 13. Nxe6+ fxe6 14. 0-0-0 Nc6 15. Bb5 a6 16. Bxc6 Qxc6 17. f4 e4 18. Nb3 Bc5 19. Nd4 Bxd4 20. Rxd4 Ke7 21. Rhd1 Rad8 22. Qf2 Rhg8 23. Qh4 Rg7 24. g4 Rdg8 25. h3 b5 26. f5 b4 27. Rxb4 e5 28. a4 a5 29. Rb5 Rd8 30. Qf2 Kf8 31. Kb1 Rb7 32. Qh4 Rd6 33. g5 Rxb5 34. axb5 Qb7 35. g6 Kg8 1-0

[Event "CZE-chT2D 1314"]
[Site "Czech Republic"]
[Date "2013.11.17"]
[Round "2.3"]
[White "Doring, Robert"]
[Black "Lorenc, Oldrich"]
[Result "1/2-1/2"]
[WhiteElo "2220"]
[BlackElo "2115"]
[PlyCount "44"]
[EventDate "2013.11.03"]
[EventType "team-tourn"]
[EventRounds "11"]
[EventCountry "CZE"]
[SourceTitle "EXT 2016"]
[Source "ChessBase"]
[SourceDate "2015.10.08"]
[SourceVersion "1"]
[SourceVersionDate "2015.10.08"]
[SourceQuality "1"]
[WhiteTeam "Hradec Kralove II"]
[BlackTeam "Policka"]
[WhiteTeamCountry "CZE"]
[BlackTeamCountry "CZE"]

1. e4 d6 2. d4 Nf6 3. Nc3 g6 4. Nf3 Bg7 5. Be2 0-0 6. 0-0 Nc6 7. h3 e5 8. dxe5 Nxe5 9. Nxe5 dxe5 10. Bg5 Be6 11. Qc1 c6 12. Qe3 Qb6 13. Qxb6 axb6 14. a4 Rfd8 15. f4 Rd4 16. f5 gxf5 17. exf5 Bc4 18. Bxc4 Rxc4 19. Rae1 Re8 20. Bxf6 Bxf6 21. Re4 Rd4 22. Rfe1 Red8 1/2-1/2

[Event "CZE-chT2D 1213"]
[Site "Czech Republic"]
[Date "2013.02.03"]
[Round "8.2"]
[White "Novotny, Michal"]
[Black "Doring, Robert"]
[Result "1/2-1/2"]
[WhiteElo "2274"]
[BlackElo "2186"]
[PlyCount "65"]
[EventDate "2012.10.14"]
[EventType "team-tourn"]
[EventRounds "11"]
[EventCountry "CZE"]
[SourceTitle "EXT 2016"]
[Source "ChessBase"]
[SourceDate "2015.10.08"]
[SourceVersion "1"]
[SourceVersionDate "2015.10.08"]
[SourceQuality "1"]
[WhiteTeam "Chrudim"]
[BlackTeam "Hradec Kralove II"]
[WhiteTeamCountry "CZE"]
[BlackTeamCountry "CZE"]

1. d4 Nf6 2. c4 g6 3. Nc3 Bg7 4. e4 d6 5. Be2 0-0 6. Nf3 Nc6 7. 0-0 e5 8. d5 Ne7 9. Ne1 Ne8 10. Nd3 f5 11. Bd2 Rf7 12. Rc1 Nf6 13. f3 f4 14. c5 g5 15. Nb5 Ng6 16. Ba5 b6 17. cxd6 cxd6 18. Be1 Bf8 19. Nb4 a6 20. Nc3 h5 21. Na4 Nd7 22. Bf2 b5 23. Nc3 Nf6 24. a4 g4 25. Nc6 Qe8 26. axb5 Rg7 27. fxg4 hxg4 28. bxa6 f3 29. gxf3 gxf3 30. Bxf3 Bxa6 31. Kh1 Bxf1 32. Qxf1 Nf4 33. b4 1/2-1/2

[Event "CZE-chT2D 1213"]
[Site "Czech Republic"]
[Date "2012.11.18"]
[Round "3.4"]
[White "Petuchov, Sergej"]
[Black "Doring, Robert"]
[Result "0-1"]
[WhiteElo "2163"]
[BlackElo "2186"]
[PlyCount "88"]
[EventDate "2012.10.14"]
[EventType "team-tourn"]
[EventRounds "11"]
[EventCountry "CZE"]
[SourceTitle "EXT 2016"]
[Source "ChessBase"]
[SourceDate "2015.10.08"]
[SourceVersion "1"]
[SourceVersionDate "2015.10.08"]
[SourceQuality "1"]
[WhiteTeam "Pardubice Rapid II"]
[BlackTeam "Hradec Kralove II"]
[WhiteTeamCountry "CZE"]
[BlackTeamCountry "CZE"]

1. e4 e5 2. Nf3 Nc6 3. c3 Nf6 4. d4 Nxe4 5. Bd3 d5 6. dxe5 Bg4 7. Qe2 Nc5 8. Bb5 Be7 9. 0-0 0-0 10. Nbd2 a6 11. Bxc6 bxc6 12. Qe3 f5 13. exf6 Rxf6 14. Nd4 Qd7 15. N2f3 Bxf3 16. Nxf3 Bd6 17. Re1 Ne4 18. Qe2 Raf8 19. Be3 Rxf3 20. gxf3 Qh3 21. f4 Ng5 22. f3 Nxf3+ 23. Kh1 Nxe1 24. Rxe1 Bxf4 25. Bxf4 Rxf4 26. Qe8+ Rf8 27. Qe6+ Qxe6 28. Rxe6 c5 29. Rc6 Rf1+ 30. Kg2 Rb1 31. Rxc5 Rxb2+ 32. Kg3 c6 33. Rxc6 Rxa2 34. Rc5 Rc2 35. Kf4 d4 36. Rc8+ Kf7 37. Rc7+ Kg6 38. Rc6+ Kf7 39. Rc7+ Kf6 40. Rc6+ Ke7 41. Rc7+ Kd6 42. Rxg7 dxc3 43. Rxh7 Rf2+ 44. Ke3 c2 0-1

[Event "CZE-chT1W 1112"]
[Site "Czech Republic"]
[Date "2012.03.18"]
[Round "10.6"]
[White "Doring, Robert"]
[Black "Bednar, Marcel"]
[Result "1/2-1/2"]
[WhiteElo "2184"]
[BlackElo "2257"]
[PlyCount "72"]
[EventDate "2011.10.02"]
[EventType "team-tourn"]
[EventRounds "11"]
[EventCountry "CZE"]
[SourceTitle "EXT 2013"]
[Source "ChessBase"]
[SourceDate "2012.11.22"]
[SourceVersion "1"]
[SourceVersionDate "2012.11.22"]
[SourceQuality "1"]
[WhiteTeam "Hradec Kralove"]
[BlackTeam "Praha Holdia II"]
[WhiteTeamCountry "CZE"]
[BlackTeamCountry "CZE"]

1. e4 c5 2. c3 e6 3. d4 b6 4. Nf3 Bb7 5. Bd3 Nf6 6. e5 Nd5 7. 0-0 Nc6 8. a3 d6 9. Re1 cxd4 10. cxd4 Be7 11. Bd2 Qd7 12. Nc3 dxe5 13. Nxd5 Qxd5 14. Be4 Qd7 15. dxe5 0-0-0 16. Qc2 Kb8 17. Be3 Na5 18. Rad1 Bxe4 19. Rxd7 Bxc2 20. Rxe7 Bg6 21. Nd4 Rxd4 22. Bxd4 Rd8 23. Bc3 Nc6 24. Bb4 Nxe7 25. Bxe7 Rd2 26. b4 Ra2 27. Rc1 Bc2 28. b5 Kb7 29. Bd6 Rb2 30. f3 h5 31. h4 a6 32. bxa6+ Kxa6 33. Bf8 g6 34. Kh2 Kb5 35. Kg3 Kc4 36. Kf4 Kd5 1/2-1/2

[Event "CZE-chT1W 1011"]
[Site "Czech Republic"]
[Date "2011.03.20"]
[Round "10.7"]
[White "Pachmann, Ales"]
[Black "Doring, Robert"]
[Result "1/2-1/2"]
[WhiteElo "2271"]
[BlackElo "2187"]
[PlyCount "26"]
[EventDate "2010.10.10"]
[EventType "team-tourn"]
[EventRounds "11"]
[EventCountry "CZE"]
[SourceTitle "EXT 2012"]
[Source "ChessBase"]
[SourceDate "2011.11.24"]
[SourceVersion "1"]
[SourceVersionDate "2011.11.24"]
[SourceQuality "1"]
[WhiteTeam "Praha Holdia II"]
[BlackTeam "Hradec Kralove"]
[WhiteTeamCountry "CZE"]
[BlackTeamCountry "CZE"]

1. e4 e5 2. Nf3 Nc6 3. Bb5 a6 4. Bxc6 dxc6 5. 0-0 f6 6. d4 Bg4 7. dxe5 Qxd1 8. Rxd1 fxe5 9. Rd3 Bd6 10. Nbd2 Nf6 11. b3 0-0 12. Bb2 Rac8 13. Re1 b5 1/2-1/2

[Event "CZE-chT1W 1011"]
[Site "Czech Republic"]
[Date "2010.12.12"]
[Round "5.8"]
[White "Erban, Tomas"]
[Black "Doring, Robert"]
[Result "0-1"]
[WhiteElo "2120"]
[BlackElo "2187"]
[PlyCount "112"]
[EventDate "2010.10.10"]
[EventType "team-tourn"]
[EventRounds "11"]
[EventCountry "CZE"]
[SourceTitle "EXT 2012"]
[Source "ChessBase"]
[SourceDate "2011.11.24"]
[SourceVersion "1"]
[SourceVersionDate "2011.11.24"]
[SourceQuality "1"]
[WhiteTeam "Praha Vrsovice"]
[BlackTeam "Hradec Kralove"]
[WhiteTeamCountry "CZE"]
[BlackTeamCountry "CZE"]

1. d4 Nf6 2. Nf3 g6 3. g3 Bg7 4. Bg2 c6 5. 0-0 0-0 6. Nbd2 d6 7. c3 Nbd7 8. a4 b6 9. a5 b5 10. Ne1 Qc7 11. f4 Rb8 12. Nd3 c5 13. e4 Bb7 14. d5 c4 15. Nb4 a6 16. Qe2 Rfe8 17. g4 Nc5 18. g5 Nfd7 19. Qg4 e6 20. h4 f5 21. exf5 exf5 22. Qh3 Nf8 23. h5 Rbd8 24. h6 Bh8 25. Nf3 Nb3 26. Ra3 Qc5+ 27. Kh1 Nxc1 28. Rxc1 Re2 29. Ng1 Re3 30. Qh4 Rde8 31. Raa1 Qc7 32. Nc2 R3e7 33. Qf2 Nd7 34. Re1 Nc5 35. Rxe7 Rxe7 36. Nb4 Ne4 37. Qb6 Qxb6 38. axb6 Nc5 39. Bf3 Re8 40. Kg2 Nd7 41. Nxa6 Ra8 42. Re1 Bxa6 43. Re6 Nxb6 44. Rxd6 Na4 45. Rd7 Nc5 46. Re7 Bb7 47. Rc7 Rc8 48. d6 Rxc7 49. dxc7 Bc8 50. Bc6 Nd3 51. Bxb5 Nxb2 52. Ne2 Kf8 53. Kf3 Nd1 54. Bxc4 Nxc3 55. Ng3 Na4 56. Ke3 Nb6 0-1